Hokkaido - Statistiques

Statistiques générales
  • Ce quiz a été pris 24 fois
  • Le résultat moyen est 5 sur 15
Statistiques - réponses
Hint Réponse % Correct
Capitale de l’île Sapporo
94%
Nom japonais donné aux sources chaudes naturelles Onsen
71%
Océan bordant l’île au sud Pacifique
53%
Ville où vous pouvez admirer une forteresse en forme d’étoile Hakodate
47%
Animal emblématique de l’île Ours
47%
Ville où se situe l’aéroport de la capitale Chitose
29%
Habitants d’une minorité vivant sur l’île Aïnous
24%
Villes entourée de champs de fleurs Furano
24%
Année où se sont tenus les jeux olympiques d’hiver sur l’île 1972
18%
Mer séparant l’île des îles russes Mer d’Okhotsk
18%
Tunnel sous-marin reliant Hokkaido à l’île d’Honshu Seikan
18%
Péninsule enregistrée au patrimoine mondial de l’Unesco Shiretoko
18%
Ville où se situe l’étang aux eaux turquoises Biei
12%
Ancien nom d’Hokkaido Ezo
12%
Mont volcanique le plus élevé de l’île Mont Asahi
12%
Aucun quiz correspondant
Distribution des résultats
% des personnes avec chaque résultat
Percentile par nombre de réponses
Votre historique - résultats
Vous n’avez pas pris ce quiz